000
00261nam a22001217a 4500
008
171222b xxu||||| |||| 00| 0 eng d
041
_a
eng
080
_a
7
100
_a
44
101
_a
ART
245
_a
THE CATHEDRAL OF ORVIETO
_c
PLURIGRAF
942
_2
udc
_c
BK
999
_c
39317
_d
39317